[Event "AUT-chT 2223"]
[Site "Austria"]
[Date "2023.03.26"]
[Round "8.3"]
[White "Freitag, Manfred"]
[Black "Meier, Alexander"]
[Result "1/2-1/2"]
[WhiteElo "2360"]
[BlackElo "2231"]
[PlyCount "217"]
[EventDate "2022.11.03"]
[EventType "team-tourn"]
[EventRounds "11"]
[EventCountry "AUT"]
[SourceTitle "CBM 213 Extra"]
[Source "ChessBase"]
[SourceDate "2023.05.31"]
[SourceVersion "1"]
[SourceVersionDate "2023.05.31"]
[SourceQuality "1"]
[WhiteTeam "Fuerstenfeld/Hartberg"]
[BlackTeam "Schach ohne Grenzen"]
[WhiteTeamCountry "AUT"]
[BlackTeamCountry "AUT"]

1. d4 d6 2. e4 g6 3. Nc3 Bg7 4. Be3 a6 5. g4 b5 6. Bg2 Bb7 7. h4 Nd7 8. h5 e5 9. d5 g5 10. Qd2 h6 11. a4 b4 12. Nd1 Rb8 13. f3 Nc5 14. Bxc5 dxc5 15. Ne3 Ne7 16. Ne2 Nc8 17. Ng3 Nd6 18. 0-0 a5 19. Rfd1 Ba6 20. Bf1 Qc8 21. b3 Bxf1 22. Kxf1 0-0 23. Ngf5 Re8 24. Qd3 Bf8 25. Rab1 Rb6 26. Rdc1 Qa6 27. Qxa6 Rxa6 28. Ke2 Rb8 29. Kd3 f6 30. Nc4 Kf7 31. Nfe3 Ke8 32. c3 Kd7 33. cxb4 Rxb4 34. Nc2 Rb7 35. N2a3 Rb4 36. Rc3 Be7 37. Rbc1 Ra7 38. Nd2 Nb7 39. Nc2 Rb6 40. Nc4 Rba6 41. N2e3 Bf8 42. Kc2 Nd6 43. Nb2 Nb7 44. Nd3 Rb6 45. Nc4 Rba6 46. Rd1 Bd6 47. Kb2 Ra8 48. Ne3 Rh8 49. Nf5 Rh7 50. Rdc1 Rb6 51. Ka2 Ra6 52. R1c2 Rb6 53. Ne3 Rh8 54. Nc4 Ra6 55. Na3 Rb8 56. Nb5 Rb6 57. Na7 Ra8 58. Nc6 Rxc6 59. dxc6+ Kxc6 60. Kb1 Kb6 61. Nb2 Rf8 62. Nc4+ Kc6 63. Rd2 Rf7 64. Rcd3 Rf8 65. Kc2 Rf7 66. Kc3 Rf8 67. Ne3 Rf7 68. Nf5 Rh7 69. Rd5 Rh8 70. R2d3 Rh7 71. Kd2 Rh8 72. Ke2 Rh7 73. Rd1 Rh8 74. R5d3 Rh7 75. Rc1 Rh8 76. Rdc3 Rh7 77. Ne3 Rf7 78. Nd5 Kd7 79. Rd1 Rf8 80. Rdd3 Rf7 81. Kd2 Rf8 82. Rc1 Rf7 83. Kc3 Rf8 84. Kb2 Rf7 85. Ne3 Kc6 86. Nc2 Kb6 87. Na3 Rf8 88. Nc4+ Kc6 89. Ne3 Rf7 90. Nd5 Kd7 91. Ne3 Kc6 92. Rc4 Rf8 93. Nf5 Rh8 94. Rdc3 Kd7 95. Rc1 Rh7 96. Ne3 Rf7 97. Nd1 Rf8 98. Nf2 Ra8 99. Nd3 Ra6 100. R1c3 Ra8 101. Rc1 Ra6 102. Ka2 Ra8 103. Rd1 Ke6 104. Rc2 Ke7 105. Nb2 Kd7 106. Nd3 Ke7 107. Rdd2 Ke6 108. Nf2 Ke7 109. Nd3 1/2-1/2

[Event "EU-Cup 37th"]
[Site "Mayrhofen"]
[Date "2022.10.09"]
[Round "7.5"]
[White "Meier, Alexander"]
[Black "Ozen, Deniz"]
[Result "1/2-1/2"]
[WhiteElo "2221"]
[BlackElo "2397"]
[PlyCount "60"]
[EventDate "2022.10.03"]
[EventType "team-swiss"]
[EventRounds "7"]
[EventCountry "AUT"]
[SourceTitle "CBM 210 Extra"]
[Source "ChessBase"]
[SourceDate "2022.11.30"]
[SourceVersion "1"]
[SourceVersionDate "2022.11.30"]
[SourceQuality "1"]
[WhiteTeam "Schach ohne Grenzen"]
[BlackTeam "Gokturk"]
[WhiteTeamCountry "GER"]
[BlackTeamCountry "TUR"]

1. e4 e5 2. Nf3 Nf6 3. Nxe5 d6 4. Nxf7 Kxf7 5. Nc3 Qe8 6. d4 h6 7. Bd3 c5 8. dxc5 dxc5 9. 0-0 Nc6 10. f4 c4 11. Bxc4+ Be6 12. Bd3 Bc5+ 13. Kh1 Kg8 14. e5 Ng4 15. Ne4 Rd8 16. Bd2 Qh5 17. h3 Bb6 18. Be2 Qg6 19. Bxg4 Bxg4 20. Qxg4 Qxe4 21. Bc3 Kh7 22. Rae1 Qc4 23. e6 Rhg8 24. Qf5+ Kh8 25. Qh5 Bd4 26. Bxd4 Rxd4 27. f5 Rh4 28. Qf7 Qd5 29. Re3 Ne5 30. Qe7 Rd4 1/2-1/2

[Event "AUT-chT2W 2122"]
[Site "Austria"]
[Date "2022.06.05"]
[Round "8.2"]
[White "Lins, Philipp"]
[Black "Meier, Alexander"]
[Result "0-1"]
[WhiteElo "2161"]
[BlackElo "2203"]
[PlyCount "60"]
[EventDate "2021.10.15"]
[EventType "team-tourn"]
[EventRounds "11"]
[EventCountry "AUT"]
[SourceTitle "EXT 2023"]
[Source "ChessBase"]
[SourceDate "2022.10.05"]
[SourceVersion "1"]
[SourceVersionDate "2022.10.05"]
[SourceQuality "1"]
[WhiteTeam "Hohenems II"]
[BlackTeam "Schach ohne Grenzen"]
[WhiteTeamCountry "AUT"]
[BlackTeamCountry "AUT"]

1. d4 c5 2. d5 e6 3. c4 Nf6 4. Nc3 exd5 5. cxd5 d6 6. g3 g6 7. Bg2 Bg7 8. Nf3 0-0 9. 0-0 Na6 10. Re1 Re8 11. e4 Bg4 12. h3 Bxf3 13. Bxf3 Nd7 14. Bg2 Rb8 15. a4 Nb4 16. Bf1 a6 17. Na2 Nxa2 18. Rxa2 b5 19. axb5 axb5 20. Ra6 Rb6 21. Ra5 c4 22. b4 Bc3 23. Bd2 Qf6 24. Re3 Bd4 25. Rf3 Qg7 26. Bh6 Bxf2+ 27. Rxf2 Qxh6 28. Ra7 Ne5 29. Qd4 Rbb8 30. Rf4 Qxf4 0-1

[Event "AUT-ch Zwisch Internet"]
[Site "Playchess.com INT"]
[Date "2020.05.02"]
[Round "3"]
[White "Blohberger, Felix"]
[Black "Meier, Alexander"]
[Result "1/2-1/2"]
[WhiteElo "2467"]
[BlackElo "2226"]
[PlyCount "151"]
[EventDate "2020.05.02"]
[EventType "swiss (blitz)"]
[EventRounds "13"]
[EventCountry "AUT"]
[SourceTitle "CBM 195 Extra"]
[Source "ChessBase"]
[SourceDate "2020.05.31"]
[SourceVersion "1"]
[SourceVersionDate "2020.05.31"]
[SourceQuality "1"]

1. Nf3 d6 2. d4 Bg4 3. e4 g6 4. Be2 Bg7 5. h3 Bxf3 6. Bxf3 c6 7. 0-0 Nd7 8. c3 Ngf6 9. Re1 e5 10. dxe5 dxe5 11. Be3 Qe7 12. a4 0-0 13. Qc2 Rfd8 14. Na3 Nc5 15. Red1 Ne6 16. g3 b6 17. Nc4 Ne8 18. b4 Nd6 19. Nxd6 Rxd6 20. Rxd6 Qxd6 21. Rd1 Qc7 22. Bg4 Nf8 23. h4 Rd8 24. Rd2 h5 25. Bh3 Bf6 26. Qd1 Rxd2 27. Qxd2 Qd8 28. Qxd8 Bxd8 29. Bc8 Be7 30. Kf1 f6 31. Bb7 c5 32. Bd5+ Kg7 33. bxc5 Bxc5 34. Bxc5 bxc5 35. Ke2 Nd7 36. Kd3 Kf8 37. Kc4 Ke7 38. Bc6 Nf8 39. Kxc5 g5 40. Bb5 gxh4 41. gxh4 Ne6+ 42. Kc6 Nf4 43. Bf1 Ng6 44. Be2 Nxh4 45. Bxh5 Ng2 46. c4 Nf4 47. Bg4 Nd3 48. f3 Nb2 49. Kb5 Kd6 50. c5+ Kc7 51. Bh3 a6+ 52. Kb4 Kc6 53. Bf1 a5+ 54. Kb3 Nd1 55. Be2 Ne3 56. Kc3 Kxc5 57. Kd3 Ng2 58. Kc3 Nf4 59. Bf1 Ne6 60. Be2 Nd4 61. Bd1 Nc6 62. Be2 Nd4 63. Bd1 Ne6 64. Be2 Nf4 65. Bf1 Ng6 66. Be2 Nh4 67. Bd1 Ng2 68. Be2 Ne3 69. Kd3 Nc4 70. Kc3 Nb6 71. Bb5 Nc8 72. Bc4 Nd6 73. Bd3 Nc8 74. Bc4 Na7 75. Bd5 Nc8 76. Bc4 1/2-1/2

[Event "AUT-ch Zwisch Internet"]
[Site "Playchess.com INT"]
[Date "2020.05.02"]
[Round "12"]
[White "Flir, Emilio"]
[Black "Meier, Alexander"]
[Result "0-1"]
[WhiteElo "1843"]
[BlackElo "2226"]
[PlyCount "92"]
[EventDate "2020.05.02"]
[EventType "swiss (blitz)"]
[EventRounds "13"]
[EventCountry "AUT"]
[SourceTitle "CBM 195 Extra"]
[Source "ChessBase"]
[SourceDate "2020.05.31"]
[SourceVersion "1"]
[SourceVersionDate "2020.05.31"]
[SourceQuality "1"]

1. d4 d6 2. c4 e5 3. dxe5 dxe5 4. Qxd8+ Kxd8 5. Nc3 Be6 6. e4 c6 7. Be3 Nd7 8. Nf3 f6 9. 0-0-0 Kc7 10. Be2 Bb4 11. Bd2 a5 12. a3 Be7 13. Kb1 Nc5 14. Be3 a4 15. Rd2 Nb3 16. Rc2 Nh6 17. Nd2 Nd4 18. Bxd4 exd4 19. Nd5+ Bxd5 20. cxd5 c5 21. Nc4 Rhb8 22. e5 fxe5 23. Nxe5 Bd6 24. Nd3 b6 25. Rhc1 Nf5 26. Bg4 Ne7 27. Nb4 Rf8 28. Nd3 Nxd5 29. Bf3 Rxf3 30. gxf3 Rf8 31. Nb4 Nxb4 32. axb4 Rxf3 33. bxc5 bxc5 34. Rc4 Kd7 35. Rxa4 Rxf2 36. Ra7+ Ke6 37. Rxg7 Rxh2 38. Re1+ Kd5 39. b3 Bf4 40. Rd7+ Kc6 41. Rd8 Kb5 42. Rd7 Kb4 43. Rb7+ Kc3 44. b4 Rb2+ 45. Ka1 Rxb4 46. Rb5 Rxb5 0-1

[Event "AUT-ch Zwisch Internet"]
[Site "Playchess.com INT"]
[Date "2020.05.02"]
[Round "8"]
[White "Lerch, Johannes"]
[Black "Meier, Alexander"]
[Result "1-0"]
[WhiteElo "2005"]
[BlackElo "2226"]
[PlyCount "91"]
[EventDate "2020.05.02"]
[EventType "swiss (blitz)"]
[EventRounds "13"]
[EventCountry "AUT"]
[SourceTitle "CBM 195 Extra"]
[Source "ChessBase"]
[SourceDate "2020.05.31"]
[SourceVersion "1"]
[SourceVersionDate "2020.05.31"]
[SourceQuality "1"]

1. e4 c5 2. Nc3 Nc6 3. g3 g6 4. Bg2 Bg7 5. d3 e6 6. Be3 b6 7. Qd2 Bb7 8. Nge2 Nd4 9. Nd1 Nxe2 10. Qxe2 Ne7 11. Qd2 0-0 12. Bh6 f5 13. Bxg7 Kxg7 14. h4 h6 15. Nc3 d5 16. exd5 Bxd5 17. Nxd5 Nxd5 18. c4 Nb4 19. Bxa8 Qxa8 20. 0-0 e5 21. a3 Nc6 22. Qe3 Re8 23. Qf3 Qc8 24. b4 Nd4 25. Qd5 f4 26. bxc5 f3 27. Kh2 bxc5 28. Rab1 Re7 29. Rfe1 Qf5 30. Rb7 Rxb7 31. Qxb7+ Kf6 32. Qa6+ Ne6 33. Qb7 g5 34. Qe4 Qxe4 35. Rxe4 Nd4 36. hxg5+ hxg5 37. Kh3 Kf5 38. g4+ Kf6 39. Kg3 Ke6 40. Re3 Kd6 41. Rxf3 Nxf3 42. Kxf3 a6 43. Ke4 Ke6 44. a4 a5 45. f3 Kd6 46. Kf5 1-0

[Event "AUT-ch Zwisch Internet"]
[Site "Playchess.com INT"]
[Date "2020.05.02"]
[Round "10"]
[White "Ofner, Maximilian"]
[Black "Meier, Alexander"]
[Result "1-0"]
[WhiteElo "2177"]
[BlackElo "2226"]
[PlyCount "211"]
[EventDate "2020.05.02"]
[EventType "swiss (blitz)"]
[EventRounds "13"]
[EventCountry "AUT"]
[SourceTitle "CBM 195 Extra"]
[Source "ChessBase"]
[SourceDate "2020.05.31"]
[SourceVersion "1"]
[SourceVersionDate "2020.05.31"]
[SourceQuality "1"]

1. e4 c5 2. Nf3 Nc6 3. Bb5 g6 4. Bxc6 bxc6 5. 0-0 Bg7 6. e5 Nh6 7. c3 0-0 8. d4 cxd4 9. cxd4 d6 10. Qc2 Qb6 11. Be3 Bg4 12. Nbd2 Nf5 13. h3 Bxf3 14. Nxf3 Rab8 15. Rac1 Rfc8 16. b3 dxe5 17. dxe5 Nxe3 18. fxe3 Qxe3+ 19. Kh1 e6 20. Rcd1 Rb7 21. Rd6 c5 22. Rfd1 Bxe5 23. Re1 Qxe1+ 24. Nxe1 Bxd6 25. Nf3 Rbc7 26. Ng5 Be7 27. Ne4 c4 28. bxc4 Rxc4 29. Qd3 Rc1+ 30. Kh2 Rd8 31. Qe3 Rc7 32. h4 h5 33. g3 Rc2+ 34. Kh3 Rc7 35. Ng5 Bxg5 36. hxg5 Rd5 37. Qf4 Rb7 38. a4 a5 39. Qf6 Rb4 40. Qe7 Rxa4 41. Qe8+ Kg7 42. Qxa4 Rc5 43. Qa1+ Kg8 44. Qf6 Rd5 45. Kg2 Kf8 46. Kf3 Kg8 47. Ke4 Rb5 48. Qd8+ Kg7 49. Qf6+ Kg8 50. Qd8+ Kg7 51. Qd4+ Kg8 52. Qa7 Rd5 53. Kf4 Rf5+ 54. Ke4 Rxg5 55. Qb8+ Kh7 56. Qc7 Rf5 57. Qc3 g5 58. Qc7 Kg7 59. Qd8 Rd5 60. Qc7 Kg6 61. Qc8 Kg7 62. Qc3+ Kh7 63. Qf6 Rf5 64. Qd8 Kg7 65. Qd1 Kg6 66. Qh1 a4 67. Qa1 f6 68. Qxa4 h4 69. Qe8+ Kg7 70. gxh4 Rf4+ 71. Ke3 Rxh4 72. Qxe6 Kg6 73. Qg8+ Kf5 74. Qc8+ Ke5 75. Kf3 Rf4+ 76. Ke3 Re4+ 77. Kf3 Rf4+ 78. Kg3 Rd4 79. Qe8+ Kd5 80. Qd8+ Ke5 81. Qe7+ Kf5 82. Qe2 Rf4 83. Qc2+ Ke5 84. Qd3 Ke6 85. Qb3+ Ke5 86. Qb6 Kf5 87. Qb1+ Ke5 88. Qd3 Rd4 89. Qe3+ Re4 90. Qc5+ Ke6 91. Qc6+ Kf5 92. Qc2 Ke5 93. Kf3 Rf4+ 94. Ke3 Ke6 95. Qc6+ Kf7 96. Qd7+ Kg6 97. Qd3+ Kh5 98. Qh7+ Kg4 99. Qh6 Rf3+ 100. Ke2 Rf4 101. Qh1 f5 102. Ke3 Re4+ 103. Kf2 Rf4+ 104. Kg2 Re4 105. Qh3+ Kf4 106. Qg3# 1-0

[Event "AUT-ch Vor2 Internet"]
[Site "Playchess.com INT"]
[Date "2020.04.13"]
[Round "7"]
[White "Meier, Alexander"]
[Black "Gartmayer, Stefan"]
[Result "0-1"]
[WhiteElo "2226"]
[BlackElo "1914"]
[PlyCount "112"]
[EventDate "2020.04.13"]
[EventType "swiss (blitz)"]
[EventRounds "9"]
[EventCountry "AUT"]
[SourceTitle "CBM 195 Extra"]
[Source "ChessBase"]
[SourceDate "2020.05.31"]
[SourceVersion "1"]
[SourceVersionDate "2020.05.31"]
[SourceQuality "1"]

1. e4 c5 2. Nc3 e6 3. f4 d5 4. Nf3 d4 5. Nb1 Nc6 6. Bb5 Bd7 7. d3 Nf6 8. 0-0 Be7 9. a4 0-0 10. Nbd2 a6 11. Bxc6 Bxc6 12. Ne5 Be8 13. a5 Bd6 14. Ndc4 Bc7 15. b3 Bb5 16. Bd2 b6 17. axb6 Bxb6 18. Nxb6 Qxb6 19. Rf3 Nd7 20. Ng4 f5 21. Nf2 Bc6 22. Rg3 Nf6 23. e5 Nd5 24. Qh5 a5 25. Nh3 Be8 26. Qe2 a4 27. bxa4 Rxa4 28. Rc1 Ra2 29. Ng5 Qa6 30. Rf3 h6 31. Rg3 hxg5 32. fxg5 f4 33. Rg4 Bh5 34. g6 f3 35. gxf3 Bxg4 36. fxg4 Ra1 37. Qe1 Rxc1 38. Bxc1 Nf4 39. Qh4 Nxg6 40. Qg5 Nh8 41. Qh5 Qa1 42. Qg5 Nf7 43. Qd2 Nxe5 44. Kg2 Rf2+ 45. Qxf2 Qxc1 46. Kg3 Qg5 47. h3 Ng6 48. Kg2 Nh4+ 49. Kg3 Ng6 50. Kg2 Nf4+ 51. Kg3 e5 52. Qf3 Ng6 53. Qa8+ Kh7 54. Qd5 Qe3+ 55. Kg2 Nf4+ 56. Kf1 Nxd5 0-1

[Event "AUT-ch Vor2 Internet"]
[Site "Playchess.com INT"]
[Date "2020.04.13"]
[Round "9"]
[White "Mira, Helene"]
[Black "Meier, Alexander"]
[Result "0-1"]
[WhiteElo "2082"]
[BlackElo "2226"]
[PlyCount "36"]
[EventDate "2020.04.13"]
[EventType "swiss (blitz)"]
[EventRounds "9"]
[EventCountry "AUT"]
[SourceTitle "CBM 195 Extra"]
[Source "ChessBase"]
[SourceDate "2020.05.31"]
[SourceVersion "1"]
[SourceVersionDate "2020.05.31"]
[SourceQuality "1"]

1. d4 d6 2. Nf3 g6 3. e4 Bg7 4. c4 Nf6 5. Nc3 0-0 6. Be2 Bg4 7. 0-0 Nbd7 8. Be3 e5 9. d5 b6 10. Nd2 Bxe2 11. Qxe2 Nh5 12. g3 a5 13. b3 Qe8 14. a3 f5 15. exf5 gxf5 16. Nb5 f4 17. gxf4 exf4 18. Bxf4 Qxe2 0-1

[Event "AUT-ch Vor2 Internet"]
[Site "Playchess.com INT"]
[Date "2020.04.13"]
[Round "6"]
[White "Peyrer, Konstantin"]
[Black "Meier, Alexander"]
[Result "1-0"]
[WhiteElo "2265"]
[BlackElo "2226"]
[PlyCount "81"]
[EventDate "2020.04.13"]
[EventType "swiss (blitz)"]
[EventRounds "9"]
[EventCountry "AUT"]
[SourceTitle "CBM 195 Extra"]
[Source "ChessBase"]
[SourceDate "2020.05.31"]
[SourceVersion "1"]
[SourceVersionDate "2020.05.31"]
[SourceQuality "1"]

1. Nf3 g6 2. g3 Bg7 3. Bg2 d6 4. d4 Nf6 5. Nc3 0-0 6. 0-0 c6 7. e4 Nbd7 8. h3 Qc7 9. Be3 e5 10. Qd2 Re8 11. Rfe1 Nf8 12. Rad1 Ne6 13. Bh6 Bh8 14. Be3 Bg7 15. Kh2 Bd7 16. dxe5 dxe5 17. Qd6 Qxd6 18. Rxd6 Bf8 19. Rd2 b6 20. Nxe5 Bc8 21. Nxc6 Bb7 22. Nd5 Nxd5 23. exd5 Nc5 24. Rde2 Rac8 25. Bd4 Rxe2 26. Rxe2 Bxc6 27. dxc6 Ne6 28. Be5 Bc5 29. c3 a5 30. f4 h5 31. Rd2 Kf8 32. Rd7 h4 33. gxh4 Be3 34. Kg3 Bc1 35. b3 b5 36. h5 gxh5 37. f5 Ng5 38. h4 Nh7 39. Bd5 f6 40. Bd6+ Ke8 41. Rxh7 1-0

[Event "AUT-ch Vor1 Internet"]
[Site "Playchess.com INT"]
[Date "2020.04.11"]
[Round "4"]
[White "Meier, Alexander"]
[Black "Doskocil, Klaus"]
[Result "1-0"]
[WhiteElo "2226"]
[BlackElo "2157"]
[PlyCount "125"]
[EventDate "2020.04.11"]
[EventType "swiss (blitz)"]
[EventRounds "9"]
[EventCountry "AUT"]
[SourceTitle "CBM 195 Extra"]
[Source "ChessBase"]
[SourceDate "2020.05.31"]
[SourceVersion "1"]
[SourceVersionDate "2020.05.31"]
[SourceQuality "1"]

1. e4 c5 2. Nc3 Nc6 3. f4 e6 4. Nf3 d5 5. Bb5 d4 6. Bxc6+ bxc6 7. Nb1 Nf6 8. d3 Be7 9. 0-0 0-0 10. b3 a5 11. a4 Ne8 12. Bd2 Bd6 13. Na3 Bc7 14. Nc4 Ba6 15. Nce5 Bb7 16. Qe1 f6 17. Nc4 Ba6 18. Nxa5 Bxa5 19. Bxa5 Qe7 20. Bd2 e5 21. fxe5 fxe5 22. Qg3 c4 23. bxc4 Bc8 24. Qxe5 Qxe5 25. Nxe5 Rxf1+ 26. Kxf1 c5 27. a5 Nf6 28. Rb1 Nd7 29. Nc6 Ba6 30. Ke2 Kf7 31. Bf4 Ke6 32. Nb8 Bc8 33. Rb5 h6 34. Nxd7 Bxd7 35. Rxc5 g5 36. Bg3 Ke7 37. Bc7 Bg4+ 38. Kd2 Rf8 39. Bg3 Rf1 40. c3 Rd1+ 41. Kc2 dxc3 42. Kxc3 Ra1 43. Rb5 Ra3+ 44. Kd4 Be2 45. Ke5 Bxd3 46. Rc5 Kd7 47. Kf6 Bxe4 48. Rc7+ Kd8 49. Ra7 Bxg2 50. c5 Rf3+ 51. Ke6 Re3+ 52. Kf6 Rf3+ 53. Kg6 Rc3 54. Bd6 g4 55. Kxh6 Be4 56. Kg5 Bf3 57. Kf4 Rc4+ 58. Ke5 Ra4 59. Ke6 Re4+ 60. Kf6 Ra4 61. Rg7 Rxa5 62. Bc7+ Ke8 63. Bxa5 1-0

[Event "AUT-ch Vor1 Internet"]
[Site "Playchess.com INT"]
[Date "2020.04.11"]
[Round "6"]
[White "Meier, Alexander"]
[Black "Iro, Christian"]
[Result "1/2-1/2"]
[WhiteElo "2226"]
[BlackElo "2081"]
[PlyCount "97"]
[EventDate "2020.04.11"]
[EventType "swiss (blitz)"]
[EventRounds "9"]
[EventCountry "AUT"]
[SourceTitle "CBM 195 Extra"]
[Source "ChessBase"]
[SourceDate "2020.05.31"]
[SourceVersion "1"]
[SourceVersionDate "2020.05.31"]
[SourceQuality "1"]

1. e4 c6 2. d4 d5 3. Nc3 dxe4 4. Nxe4 Bf5 5. Ng3 Bg6 6. h4 h6 7. Nf3 Nd7 8. h5 Bh7 9. Bd3 Bxd3 10. Qxd3 e6 11. Bd2 Ngf6 12. 0-0-0 Be7 13. Nf1 Ng4 14. Qe2 Nb6 15. Ne3 Nxe3 16. fxe3 Qd5 17. Kb1 Nc4 18. Bc1 Qb5 19. Rhe1 a5 20. b3 Na3+ 21. Bxa3 Qxe2 22. Rxe2 Bxa3 23. e4 0-0-0 24. c4 Kc7 25. d5 cxd5 26. cxd5 exd5 27. exd5 Rhe8 28. Rc2+ Kb8 29. Rc4 Re2 30. g4 Rf2 31. Ne1 Rf1 32. Kc2 Bb4 33. Re4 Rxe1 34. Rexe1 Bxe1 35. Rxe1 Rxd5 36. Re7 Rg5 37. Rxf7 Rxg4 38. a4 Rg5 39. Kc3 Ka7 40. Kc4 Kb6 41. Re7 Rg4+ 42. Kc3 Kc6 43. Rf7 Rg5 44. Kc4 Rg4+ 45. Kc3 Rg5 46. Kc4 Kb6 47. Re7 Rg4+ 48. Kc3 Kc6 49. Rf7 1/2-1/2

[Event "AUT-chT2W 1617"]
[Site "Austria"]
[Date "2017.03.03"]
[Round "9.3"]
[White "Meier, Alexander"]
[Black "Neuschmied, Siegfried"]
[Result "1-0"]
[WhiteElo "2163"]
[BlackElo "2153"]
[PlyCount "59"]
[EventDate "2016.10.28"]
[EventType "team-tourn"]
[EventRounds "11"]
[EventCountry "AUT"]
[SourceTitle "CBM 177 Extra"]
[Source "ChessBase"]
[SourceDate "2017.04.27"]
[SourceVersion "1"]
[SourceVersionDate "2017.04.27"]
[SourceQuality "1"]
[WhiteTeam "Pradl"]
[BlackTeam "Kufstein/Woergl"]
[WhiteTeamCountry "AUT"]
[BlackTeamCountry "AUT"]

1. e4 d6 2. d4 Nf6 3. Nc3 g6 4. f4 Bg7 5. Nf3 0-0 6. Bd3 Na6 7. 0-0 c5 8. d5 Rb8 9. a4 Nb4 10. Bc4 e6 11. dxe6 fxe6 12. e5 dxe5 13. Qxd8 Rxd8 14. fxe5 Ng4 15. Bg5 Rf8 16. Be7 Nxc2 17. Bxf8 Bxf8 18. Ng5 Bh6 19. Nxe6 Nxe5 20. Rad1 Nd4 21. Nxd4+ Nxc4 22. Ndb5 Bg4 23. Rde1 a6 24. Nc7 Rc8 25. N7d5 Kh8 26. Re4 Bf5 27. Rxc4 Bd3 28. Rh4 Bg5 29. Rg4 Bh6 30. Rf7 1-0

[Event "Krakow op-A 26th"]
[Site "Krakow"]
[Date "2015.12.31"]
[Round "5"]
[White "Meier, Alexander"]
[Black "Stetsko, Lanita"]
[Result "1-0"]
[WhiteElo "2162"]
[BlackElo "2257"]
[PlyCount "69"]
[EventDate "2015.12.27"]
[EventType "swiss"]
[EventRounds "9"]
[EventCountry "POL"]
[SourceTitle "CBM 170 Extra"]
[Source "ChessBase"]
[SourceDate "2016.02.25"]
[SourceVersion "1"]
[SourceVersionDate "2016.02.25"]
[SourceQuality "1"]

1. e4 e5 2. Nf3 Nc6 3. Bc4 Bc5 4. c3 Nf6 5. d3 a6 6. Bb3 d6 7. Bg5 h6 8. Bh4 Ba7 9. Nbd2 Qe7 10. Nf1 Be6 11. Ne3 g5 12. Bg3 0-0-0 13. Ba4 Nb8 14. Qe2 Nh5 15. Bb3 Nf4 16. Bxf4 exf4 17. Nd5 Bxd5 18. Bxd5 c6 19. Bb3 Nd7 20. 0-0-0 d5 21. Rhe1 Rhe8 22. Qc2 dxe4 23. Rxe4 Qf6 24. d4 g4 25. Nd2 Bb8 26. Rde1 Rxe4 27. Qxe4 Qh4 28. Re2 Qxh2 29. Bxf7 f3 30. gxf3 gxf3 31. Nxf3 Qf4+ 32. Qxf4 Bxf4+ 33. Kc2 Rf8 34. Be6 Kc7 35. Nd2 1-0

[Event "AUT-chT2W 1516"]
[Site "Austria"]
[Date "2015.10.16"]
[Round "1.4"]
[White "Meier, Alexander"]
[Black "Kupfner, Franz"]
[Result "1/2-1/2"]
[WhiteElo "2186"]
[BlackElo "2200"]
[PlyCount "68"]
[EventDate "2015.10.16"]
[EventType "team-tourn"]
[EventRounds "11"]
[EventCountry "AUT"]
[SourceTitle "CBM 168 Extra"]
[Source "ChessBase"]
[SourceDate "2015.10.29"]
[SourceVersion "1"]
[SourceVersionDate "2015.10.29"]
[SourceQuality "1"]
[WhiteTeam "Voels/Innsbruck"]
[BlackTeam "Zillertal"]
[WhiteTeamCountry "AUT"]
[BlackTeamCountry "AUT"]

1. e4 c5 2. Nc3 e6 3. f4 g6 4. Nf3 Bg7 5. Nb5 d5 6. e5 Bf8 7. d4 cxd4 8. Nbxd4 a6 9. c3 Nc6 10. Be3 Bd7 11. Be2 Nge7 12. 0-0 Nxd4 13. Bxd4 Nc6 14. Be3 Be7 15. Qd2 Rc8 16. b4 0-0 17. g4 f6 18. a3 f5 19. g5 Rf7 20. Rfd1 Bf8 21. Rac1 Qe8 22. c4 dxc4 23. Bxc4 Nd8 24. Qa2 Kh8 25. Bb6 Rc6 26. Bxd8 Qxd8 27. Nd4 Qb6 28. Kg2 Rc8 29. Nxe6 Rxc4 30. Qxc4 Bxe6 31. Qd4 Qb5 32. Qd3 Qb6 33. Qd4 Qb5 34. Qd3 Qb6 1/2-1/2

[Event "AUT-chT2W 1415"]
[Site "Austria"]
[Date "2015.01.23"]
[Round "6.1"]
[White "Frank, Emanuel"]
[Black "Meier, Alexander"]
[Result "1/2-1/2"]
[WhiteElo "2147"]
[BlackElo "2191"]
[PlyCount "34"]
[EventDate "2014.10.10"]
[EventType "team-tourn"]
[EventRounds "11"]
[EventCountry "AUT"]
[SourceTitle "EXT 2016"]
[Source "ChessBase"]
[SourceDate "2015.10.08"]
[SourceVersion "1"]
[SourceVersionDate "2015.10.08"]
[SourceQuality "1"]
[WhiteTeam "Bernhard II"]
[BlackTeam "Innsbruck"]
[WhiteTeamCountry "AUT"]
[BlackTeamCountry "AUT"]

1. d4 d6 2. c4 e5 3. d5 g6 4. Nc3 a5 5. e4 Na6 6. a3 Bg7 7. Nf3 Nf6 8. Be2 0-0 9. 0-0 Qe8 10. Be3 Nh5 11. Re1 b6 12. b3 Kh8 13. Nd2 Nf4 14. Bf1 Nh5 15. Be2 Nf4 16. Bf1 Nh5 17. Be2 Nf4 1/2-1/2

[Event "AUT-chT2W 1415"]
[Site "Austria"]
[Date "2014.11.29"]
[Round "4.1"]
[White "Quintero Ortega, Carlos"]
[Black "Meier, Alexander"]
[Result "1/2-1/2"]
[WhiteElo "2203"]
[BlackElo "2191"]
[PlyCount "90"]
[EventDate "2014.10.10"]
[EventType "team-tourn"]
[EventRounds "11"]
[EventCountry "AUT"]
[SourceTitle "CBM 163 Extra"]
[Source "ChessBase"]
[SourceDate "2014.12.23"]
[SourceVersion "1"]
[SourceVersionDate "2014.12.23"]
[SourceQuality "1"]
[WhiteTeam "Goetzis"]
[BlackTeam "Innsbruck"]
[WhiteTeamCountry "AUT"]
[BlackTeamCountry "AUT"]

1. c4 e5 2. g3 d6 3. Bg2 f5 4. Nc3 Nf6 5. d3 Be7 6. Nf3 0-0 7. 0-0 c6 8. b4 Qe8 9. b5 Qh5 10. c5 f4 11. cxd6 Bxd6 12. Ne4 Nxe4 13. dxe4 Bc7 14. Ba3 Rf6 15. Qc2 Kh8 16. Rfd1 fxg3 17. hxg3 Bg4 18. Rd2 Nd7 19. Rad1 Nf8 20. Be7 Re6 21. Bd8 Bxd8 22. Rxd8 Rxd8 23. Rxd8 Re8 24. Rxe8 Qxe8 25. bxc6 bxc6 26. Nh2 Bd7 27. Qc5 Qb8 28. Nf3 Ng6 29. Ng5 h6 30. Nf7+ Kh7 31. Kh2 Be6 32. Nd6 Qb6 33. Qc2 Qxf2 34. Qxc6 Qxe2 35. a4 Qh5+ 36. Kg1 Qd1+ 37. Kh2 Qh5+ 38. Kg1 Qg5 39. Kh2 Qe7 40. Nf5 Qd7 41. Qc2 Ne7 42. Qc5 Nxf5 43. exf5 Bxf5 44. Qxe5 Qd3 45. a5 Bg6 1/2-1/2

[Event "Wiesbaden op 26th"]
[Site "Wiesbaden"]
[Date "2014.08.29"]
[Round "3"]
[White "Bratmann, Marc"]
[Black "Meier, Alexander"]
[Result "0-1"]
[WhiteElo "1747"]
[BlackElo "1345"]
[PlyCount "108"]
[EventDate "2014.08.28"]
[EventType "swiss"]
[EventRounds "7"]
[EventCountry "GER"]
[SourceTitle "CBM 162 Extra"]
[Source "ChessBase"]
[SourceDate "2014.10.17"]
[SourceVersion "1"]
[SourceVersionDate "2014.10.17"]
[SourceQuality "1"]

1. e4 d5 2. exd5 Nf6 3. d4 Nxd5 4. Nf3 Bf5 5. Be2 Nc6 6. 0-0 a6 7. Bg5 h6 8. Bh4 Nf4 9. c3 Nxe2+ 10. Qxe2 Qd7 11. Nbd2 g5 12. Bg3 Bg7 13. Rfe1 0-0 14. Nc4 Bg4 15. Nce5 Nxe5 16. Bxe5 Bxe5 17. Nxe5 Bxe2 18. Nxd7 Rfd8 19. Nb6 cxb6 20. Rxe2 e6 21. Re5 Rd7 22. Rae1 Rad8 23. R1e4 Rd5 24. Kf1 Rxe5 25. Rxe5 Kg7 26. Ke2 Rd6 27. f3 b5 28. b3 f6 29. Re3 Kf7 30. Rd3 b6 31. Ke3 f5 32. a3 h5 33. c4 bxc4 34. bxc4 Rc6 35. Rc3 b5 36. Kd3 bxc4+ 37. Rxc4 Rd6 38. Rc5 Kf6 39. a4 Rb6 40. Rc2 Ke7 41. Kc3 Kd7 42. g3 Rc6+ 43. Kd3 Rb6 44. Kc3 Rc6+ 45. Kb3 Rd6 46. Rc4 Rb6+ 47. Kc2 Rd6 48. a5 Rd5 49. Ra4 Kc6 50. Kc3 e5 51. dxe5 Rxe5 52. Rc4+ Kb5 53. Kd4 g4 54. fxg4 Re4+ 0-1